000
00251nam a2200097Ia 4500
001
1250442
005
20251031150856.0
008
251031s9999 xx 000 0 und d
245
0
_c
PİA UMY Y.G.
_a
G-2 BEN SENDEN GELİYORUM
260
_b
DESTEK YAYINLARI
999
_c
1250442
_d
1250442